| 000 | 005080000a22001570004500 | ||
|---|---|---|---|
| 003 | MACL | ||
| 005 | 20180223171105.0 | ||
| 008 | 180223b xxu||||| |||| 00| 0 eng d | ||
| 040 | _cmacl | ||
| 100 |
_a ठाकुर, रवीन्द्रनाथ _942204 |
||
| 245 | _aचुनी हुई कहानियां | ||
| 260 |
_b बाल पुस्तक संस्थान _c2006 |
||
| 350 | _a250 | ||
| 650 |
_a स्टोरिज, _97094 |
||
| 942 |
_cHIN _k891.433/THA/N _2ddc |
||
| 999 |
_c19007 _d19007 |
||